Vista normal Vista MARC

Entrada Personal Name

Número de registros utilizados en: 1

001 - CONTROL NUMBER

  • control field: 42621

003 - CONTROL NUMBER IDENTIFIER

  • control field: OSt

005 - DATE AND TIME OF LATEST TRANSACTION

  • control field: 20241002110841.0

008 - FIXED-LENGTH DATA ELEMENTS

  • fixed length control field: 241002|| aca||aabn | a|a d

040 ## - CATALOGING SOURCE

  • Original cataloging agency: OSt
  • Transcribing agency: OSt

100 ## - HEADING--PERSONAL NAME

  • Personal name: Pizarro Rodríguez, María José

670 ## - SOURCE DATA FOUND

  • Source citation: Work cat.: (OSt)38379: Centro Nacional de Memoria Histórica. 109, Caminos para la memoria :









Instituto Departamental de Cultura del Meta - Red Departamental de Bibliotecas Públicas del Meta.